| 000 | 00688nam a2200217 i 4500 | ||
|---|---|---|---|
| 001 | bg | ||
| 245 | 0 | 0 |
_aPodstawy teorii treningu / _cDariusz Kielak [et al. ; pod red. Henryka Sozańskiego] ; Resortowe Centrum Metodyczno-Szkoleniowe Kultury Fizycznej i Sportu. |
| 260 |
_aWarszawa : _bRCMSKFiS, _c1993. |
||
| 300 |
_a217, [1] s. : _brys., wykr. ; _c21 cm. |
||
| 490 | 1 | _aBiblioteka Trenera | |
| 504 | _aBibliogr. s. 215. | ||
| 650 | 9 |
_aTrening _xteoria |
|
| 700 | 1 | _aKIELAK, Dariusz. | |
| 700 | 1 |
_aSOZAŃSKI, Henryk. _eRed. |
|
| 830 | _aBiblioteka Trenera | ||
| 040 | _cBPK | ||
| 041 | 0 | _apl | |
| 080 | _a796.015.001 | ||
| 942 | _cKS | ||
| 008 | s pl f |000 0 pol | ||
| 999 |
_c32844 _d32844 |
||
| 856 |
_uhttp://koha.tu.koszalin.pl/cgi-bin/koha/opac-detail.pl?biblionumber=32844 _yKatalog online BPK |
||